| 000 | 00922nam a2200205 a 4500 | ||
|---|---|---|---|
| 001 | 000039859 | ||
| 005 | 20201002033756.0 | ||
| 008 | 130725s1987 sp 000 0 spa d | ||
| 020 | _a8400067088 | ||
| 040 |
_aDO-SdBNP _bspa _cBNPHU |
||
| 100 | 1 |
_aLobo Guerrero, Bartolomé. _966060 |
|
| 245 | 1 | 0 |
_aSínodos de Lima de 1613 y 1636 / : / _cBartolomé Lobo Guerrero, Fernando Arias de Ugarte. |
| 260 |
_aMadrid : _bInstituto de Historia de la Teologia Español : _bUniversidad Pontificia de Salamanca Centro de Estudios Históricos., _c1987. |
||
| 300 |
_av. (457) p. ; _c24 cm. |
||
| 490 | 1 |
_aTierra nueva e cielo nuevo ; _aSínodos americanos _v6 _v22 |
|
| 500 | _aV quinto centenario del descubrimiento de América | ||
| 504 | _aIncluye referencias bibliográficas y notas al pie de las páginas | ||
| 700 | 1 |
_aArias de Ugarte, Fernando. _966061 |
|
| 830 | 0 |
_aTierra nueva e cielo nuevo ; _v22 _pSínodos americanos _v6 _966062 |
|
| 999 |
_c39349 _d39349 |
||